STN EN 1646-1 Obytné vozidlá na voľný čas. Motorové karavany. Časť 1: Požiadavky na obytný priestor z hľadiska zdravia a bezpečnosti

Bibliographic Details
Format: Book
Language:Undetermined
Published: Bratislava Slovenský ústav technickej normalizácie 2001

MARC

LEADER 00000nam a2200000 a 4500
001 vtls001413344
003 SK-MaSNL
005 20260224155016.0
008 240126sm y0 xo r 0 und
035 |a SNK000368067 
040 |a SNK  |b slo  |c SNK  |e AACR2 
044 |a xo  |c SK 
245 1 |a STN EN 1646-1 Obytné vozidlá na voľný čas. Motorové karavany. Časť 1: Požiadavky na obytný priestor z hľadiska zdravia a bezpečnosti 
260 |a Bratislava  |b Slovenský ústav technickej normalizácie  |c 2001 
300 |a 36 s. 
999 |c 1069323  |d 1071253 
952 |t P60, <03>, [BOOK], {603}  |a SNK  |b SNK  |y PREZ  |7 0  |p 17A0299000  |o snkSTN EN 1646-1  |i snkN 1107/2001  |0 0  |1 0  |4 0  |d 2001-05-17  |l 0  |r 2005-01-02 00:00:00  |w 2026-02-24 
952 |t P60, <04>, [BOOK], {604}  |a SNK  |b SNK  |y VYP  |7 0  |p 17A0298998  |o snkSTN EN 1646-1 D1  |i snkN 1108/2001  |0 0  |1 0  |4 0  |d 2001-05-17  |l 0  |r 2005-01-02 00:00:00  |w 2026-02-24